Northwest Arkansas National Destinations (Bentonville, AR, USA) - Statistics

General Stats
  • This quiz has been taken 42 times
    15 since last reset
  • The average score is 23 of 26
Answer Stats
Airline Destination % Correct
Delta Air Lines/Delta Connection Atlanta
100%
American Airlines/American Eagle Dallas/Fort Worth
100%
Frontier Airlines/United Airlines/United Express Denver
100%
United Express Houston (Intercontinental)
100%
Allegiant Air/American Eagle Los Angeles
100%
American Eagle Miami
100%
Allegiant Air Nashville
100%
American Airlines/American Eagle Charlotte
91%
American Eagle/United Express Chicago (O'Hare)
91%
Delta Connection Detroit
91%
Allegiant Air Fort Lauderdale
91%
Allegiant Air Las Vegas
91%
Delta Connection Minneapolis/St. Paul
91%
American Eagle New York (LaGuardia)
91%
Breeze Airways Orlando
91%
Allegiant Air Orlando/Sanford
91%
American Eagle Philadelphia
91%
Breeze Airways Tampa
91%
American Eagle Washington (National)
91%
Breeze Airways New Orleans
82%
Allegiant Air Phoenix/Mesa
82%
American Eagle Phoenix (Sky Harbor)
82%
Delta Connection Salt Lake City
82%
Allegiant Air Destin/Fort Walton Beach
73%
Allegiant Air St. Petersburg/Clearwater
73%
Allegiant Air Gulf Shores
27%
No matching quizzes found
Score Distribution
Percent of People with Each Score
Percentile by Number Answered
Your Score History
You have not taken this quiz since the last reset